000 00550cam a2200229ua 4500
001 5500
008 141203n ii |||gr||||Z||||||asm
020 _a978-93-81784-27-3
040 _cMAIN
041 _aasm
082 _a301.0954
245 _aBharatiya samaj biwastha
_cby B.N Borthakur
250 _a1st.
260 _aJorhat:
_bBidya bhawan,
_c2012.
300 _ax,400p.
653 _aSociology
653 _aBharatiya samaj biwastha
653 _aIndian society
700 _aBorthakur,B.N.
700 _aSaikia, J. P.
942 _cBK
999 _c4679
_d4679